[Event "Box Hill CC-ch"]
[Site "Box Hill"]
[Date "2000.06.09"]
[Round "6.22"]
[White "Hawkes, Geoff"]
[Black "Waller, Tony"]
[Result "0-1"]
[WhiteElo "1186"]
[BlackElo "1945"]
[PlyCount "27"]
[EventDate "2000.??.??"]
[EventType "swiss"]
[EventRounds "9"]
[EventCountry "AUS"]
[SourceTitle "EXT 2003"]
[Source "ChessBase"]
[SourceDate "2002.11.25"]
[SourceVersion "1"]
[SourceVersionDate "2002.11.25"]
[SourceQuality "1"]

1. d4 Nf6 2. e3 d5 3. Bd3 c5 4. c3 Nc6 5. Nf3 e6 6. Nbd2 Bd6 7. a3 0-0 8. Ng5 cxd4 9. exd4 e5 10. dxe5 Nxe5 11. Bc2 Re8 12. 0-0 Bg4 13. Ndf3 h6 14. Qd3 0-1

[Event "Box Hill Rainbow-ch"]
[Site "Box Hill"]
[Date "2000.06.06"]
[Round "5.2"]
[White "Waller, Tony"]
[Black "Beattie, Roger"]
[Result "1-0"]
[WhiteElo "1945"]
[BlackElo "1833"]
[PlyCount "51"]
[EventDate "2000.??.??"]
[EventType "swiss"]
[EventRounds "6"]
[EventCountry "AUS"]
[SourceTitle "EXT 2003"]
[Source "ChessBase"]
[SourceDate "2002.11.25"]
[SourceVersion "1"]
[SourceVersionDate "2002.11.25"]
[SourceQuality "1"]

1. g3 e6 2. Bg2 d5 3. Nf3 Bd6 4. 0-0 Nd7 5. d4 f5 6. c4 c6 7. Nc3 Ngf6 8. Qc2 Ne4 9. Ne1 Qf6 10. e3 0-0 11. Nxe4 dxe4 12. f3 exf3 13. Nxf3 c5 14. Bd2 g5 15. e4 g4 16. e5 Qg7 17. Ng5 Nxe5 18. dxe5 Bxe5 19. Rae1 Bd4+ 20. Kh1 Rf6 21. Nxe6 Bxe6 22. Rxe6 Raf8 23. Rfe1 Bf2 24. R1e2 Rxe6 25. Rxe6 Bd4 26. Bd5 1-0